Civil society and good governance (Record no. 395301)

MARC details
000 -LEADER
fixed length control field 00542 a2200205 4500
005 - DATE & TIME
control field 20260204150540.0
008 - FIXED-LENGTH DATA ELEMENTS--GENERAL INFORMATION
fixed length control field 260204b |||||||| |||| 00| 0 eng d
020 ## - ISBN
International Standard Book Number 9788197458538
Price Rs. 2195.00
040 ## - CATALOGING SOURCE
Original cataloging agency VIVEKANANDA LIBRARY
082 ## - DDC NUMBER
Classification number 320.6
Book Number A12C
100 ## - MAIN ENTRY--PERSONAL NAME
Personal name Aparna Singh, ed.
245 ## - TITLE STATEMENT
Title Civil society and good governance
260 ## - PUBLICATION, DISTRIBUTION, ETC. (IMPRINT)
Name of publisher, distributor, etc Yking Books
Date of publication, distribution, etc 2025
Place of publication, distribution, etc Jaipur
300 ## - PHYSICAL DESCRIPTION
Pages x, 282
650 ## - Subject
Subject Political Science
650 ## - Subject
Subject Civil Society
650 ## - Subject
Subject Democratic Governance
700 ## - Added Entry Personal Name
Added Entry Personal Name Singh, Rajeev Kumar, ed.
942 ## - ADDED ENTRY ELEMENTS (KOHA)
Koha item type Books
Holdings
Withdrawn status Lost status Source of classification or shelving scheme Damaged status Not for loan Location (home branch) Sublocation or collection (holding branch) Shelving location Date acquired Koha issues (times borrowed) Koha full call number Accession No. Koha date last seen Koha item type
    Dewey Decimal Classification     VIVEKANANDA LIBRARY VIVEKANANDA LIBRARY Vivekananda Library 06/01/2026   320.6 A12C 444066 06/01/2026 Books
© Designed and Maintained by Vivekananda Library, MDU Rohtak